00448nam a2200145 a 4500001000500000005001700005008004100022050001700063100002100080245010600101260004700207300001900254650001600273650001300289181720140414131859.0010327s19uu xx 00 eng d aFIL 238bM99 aCleofe, M. C. V. aMy little world (teacher's guide) :bcatechesis for kindergarten classes /cby M. C. V. Cleofe, SJGS. aSta. Cruz, Manila :bSaint Mary's,c[n.d.] a25 p. ; cm. aCatechesis. aBeliefs.